[Event "CRO-ch U17"]
[Site "Split"]
[Date "2024.07.27"]
[Round "8"]
[White "Rautner, Fran"]
[Black "Tomljanovic, Ivano"]
[Result "1/2-1/2"]
[WhiteElo "1865"]
[BlackElo "2046"]
[PlyCount "57"]
[EventDate "2024.07.22"]
[EventType "swiss"]
[EventRounds "9"]
[EventCountry "CRO"]
[SourceTitle "CBM 221 Extra"]
[Source "ChessBase"]
[SourceDate "2024.09.30"]
[SourceVersion "1"]
[SourceVersionDate "2024.09.30"]
[SourceQuality "1"]

1. e4 c6 2. d4 d5 3. e5 Bf5 4. h4 h5 5. Bd3 Bxd3 6. Qxd3 e6 7. Bg5 Qb6 8. Nd2 c5 9. c4 dxc4 10. Nxc4 Qc6 11. Nf3 Nd7 12. 0-0 b5 13. Na5 Qd5 14. Qxb5 Rb8 15. Qc6 Qxc6 16. Nxc6 Rxb2 17. Rfb1 Rxb1+ 18. Rxb1 cxd4 19. Nxa7 f6 20. Bf4 Bc5 21. Nc6 Ne7 22. Ncxd4 Kf7 23. Nb3 Ra8 24. Nxc5 Nxc5 25. exf6 gxf6 26. Bd6 Ne4 27. Bxe7 Kxe7 28. Re1 Nc3 29. Nd4 1/2-1/2

[Event "CRO-ch U15"]
[Site "Trogir"]
[Date "2021.06.23"]
[Round "8"]
[White "Rautner, Fran"]
[Black "Milinkovic, Dominik"]
[Result "1/2-1/2"]
[WhiteElo "1554"]
[BlackElo "1774"]
[PlyCount "73"]
[EventDate "2021.06.18"]
[EventType "swiss"]
[EventRounds "9"]
[EventCountry "CRO"]
[SourceTitle "EXT 2022"]
[Source "ChessBase"]
[SourceDate "2021.10.06"]
[SourceVersion "1"]
[SourceVersionDate "2021.10.06"]
[SourceQuality "1"]

1. e4 e5 2. Nf3 Nc6 3. Bb5 Bc5 4. 0-0 Nd4 5. Nxd4 Bxd4 6. c3 Bb6 7. d4 c6 8. Ba4 d6 9. Be3 Ne7 10. Nd2 0-0 11. Bb3 Ng6 12. Nc4 Kh8 13. Nxb6 axb6 14. dxe5 Nxe5 15. Qd2 b5 16. a3 Be6 17. Bxe6 fxe6 18. b3 d5 19. exd5 exd5 20. Bf4 Ng4 21. Bg3 Qd7 22. Rfe1 Nf6 23. f3 Nh5 24. Bh4 Nf4 25. Bg5 Ne6 26. Be3 Rf6 27. Red1 Qc7 28. Re1 Raf8 29. Re2 Rf5 30. Qe1 R8f6 31. Bh6 Rxh6 32. Rxe6 Qxh2+ 33. Kf2 Qh4+ 34. Kg1 Qh1+ 35. Kf2 Qh4+ 36. Kg1 Qh2+ 37. Kf2 1/2-1/2

[Event "CRO-ch U13"]
[Site "Trogir"]
[Date "2020.08.29"]
[Round "9"]
[White "Sundac, Ivano"]
[Black "Rautner, Fran"]
[Result "1-0"]
[WhiteElo "1513"]
[BlackElo "1421"]
[PlyCount "59"]
[EventDate "2020.08.24"]
[EventType "swiss"]
[EventRounds "9"]
[EventCountry "CRO"]
[SourceTitle "CBM 198 Extra"]
[Source "ChessBase"]
[SourceDate "2020.11.30"]
[SourceVersion "1"]
[SourceVersionDate "2020.11.30"]
[SourceQuality "1"]

1. e4 e5 2. Nf3 Nc6 3. Bc4 Bc5 4. 0-0 Nf6 5. d4 Bxd4 6. Nxd4 Nxd4 7. Bg5 h6 8. f4 hxg5 9. fxe5 Ne6 10. exf6 gxf6 11. Nc3 c6 12. Bxe6 fxe6 13. Qd4 Rh6 14. e5 f5 15. Na4 b6 16. Qd6 c5 17. Rxf5 exf5 18. Qxh6 Qe7 19. Re1 Kd8 20. Nc3 Bb7 21. e6 Bc6 22. Rd1 Kc7 23. exd7 Qe3+ 24. Kh1 Qf2 25. Qd6+ Kb7 26. Nd5 Qe2 27. Rg1 Rd8 28. Qc7+ Ka6 29. Qxc6 Rh8 30. Qc8+ 1-0